15 principales países con muertes de Covid-19 - 30 de marzo de 2022 - Statistics

Statistiche generali
  • Questo quiz è stato fatto 3 volte
  • Il punteggio medio è 9 su 27
Statistiche sulle risposte
paese % Corretto
Argentina
100%
Colombia
100%
Italia
100%
Brasile
50%
Francia
50%
Germania
50%
India
50%
Indonesia
50%
Iran
50%
Messico
50%
Perù
50%
Polonia
50%
Regno Unito
50%
Russia
50%
Stati Uniti
50%
Bosnia ed Erzegovina
0%
Bulgaria
0%
Cechia
0%
Croazia
0%
Georgia
0%
Lettonia
0%
Lituania
0%
Macedonia del Nord
0%
Romania
0%
Slovacchia
0%
Slovenia
0%
Ungheria
0%
Nessun quiz corrispondente trovato
Distribuzione punteggi
Percentuale di utenti per punteggio
Percentile per numero di risposta
I tuoi punteggi nel tempo
Non hai fatto questo quiz